[Event "SVK-ch U16"]
[Site "Sliac"]
[Date "2011.04.01"]
[Round "2"]
[White "Hros, Roman"]
[Black "Sebo, Viktor"]
[Result "1/2-1/2"]
[WhiteElo "1806"]
[BlackElo "1945"]
[PlyCount "86"]
[EventDate "2011.03.31"]
[EventType "swiss"]
[EventRounds "9"]
[EventCountry "SVK"]
[SourceTitle "CBM 141 Extra"]
[Source "ChessBase"]
[SourceDate "2011.05.03"]
[SourceVersion "1"]
[SourceVersionDate "2011.05.03"]
[SourceQuality "1"]

1. e4 c5 2. Nf3 Nc6 3. d4 cxd4 4. Nxd4 Nf6 5. Nc3 d6 6. Be3 Ng4 7. Bg5 h6 8. Bh4 g5 9. Bg3 Bg7 10. Bb5 Qb6 11. Nce2 Bd7 12. c3 a6 13. Bxc6 bxc6 14. Qc2 Rb8 15. 0-0-0 c5 16. Nf3 Qa5 17. b3 c4 18. Ned4 cxb3 19. axb3 0-0 20. h3 Rfc8 21. Rd3 Ne5 22. Bxe5 dxe5 23. Ne2 Be6 24. Nd2 Qa1+ 25. Qb1 Qxb1+ 26. Kxb1 Bxb3 27. Nxb3 Rxb3+ 28. Kc2 Rcb8 29. Ra1 Rb2+ 30. Kd1 Ra8 31. Rd2 Rxd2+ 32. Kxd2 a5 33. Ra4 e6 34. g4 Bf8 35. Nc1 Bc5 36. f3 Bb6 37. Nd3 f6 38. c4 Rd8 39. Kc2 Rc8 40. Kd2 Kf7 41. Kc2 Ke7 42. Kd2 Kd7 43. Kc3 Ke7 1/2-1/2

[Event "SVK-chT2A 10/11"]
[Site "Slovakia"]
[Date "2011.03.05"]
[Round "8.6"]
[White "Sebo, Viktor"]
[Black "Jozefek, Michal"]
[Result "0-1"]
[WhiteElo "1903"]
[BlackElo "1899"]
[PlyCount "68"]
[EventDate "2010.10.23"]
[EventType "team-tourn"]
[EventRounds "11"]
[EventCountry "SVK"]
[SourceTitle "EXT 2019"]
[Source "ChessBase"]
[SourceDate "2018.10.10"]
[SourceVersion "1"]
[SourceVersionDate "2018.10.10"]
[SourceQuality "1"]
[WhiteTeam "Bratislava Slavia STU"]
[BlackTeam "Osuske II"]
[WhiteTeamCountry "SVK"]
[BlackTeamCountry "SVK"]

1. e4 c5 2. Nf3 d6 3. d4 cxd4 4. Nxd4 Nf6 5. Nc3 Nc6 6. Bg5 e6 7. Be2 Be7 8. 0-0 0-0 9. Kh1 e5 10. Nf5 Bxf5 11. exf5 h6 12. Bxf6 Bxf6 13. Nd5 Bg5 14. Bg4 Qa5 15. f6 g6 16. f4 exf4 17. h4 Bxh4 18. Rxf4 Rae8 19. Be2 Bg5 20. b4 Qd8 21. Rf3 Re6 22. Rg3 Bxf6 23. Nf4 Re4 24. Nxg6 fxg6 25. Qd5+ Kh8 26. Qxe4 Bxa1 27. c3 Qe8 28. Qh4 Qf7 29. Bd3 Ne5 30. Rh3 Qg7 31. Be2 g5 32. Qe4 Ng6 33. Bd3 Nf4 34. Rf3 Bxc3 0-1